00413 2200145 4500245009600000020002200096250001000118100001800128005001900146260004100165041001400206084001100220300002700231336000900258 aValue Your Life ; Lepaskan Beban Tak Kasatmata & Optimalkan PencapaiancOnggy HianatahText a978-602-04-8690-1 aCet.4 aOnggy Hianata a20241014110311 aJakartabElex Media Komputindoc2019 aIndonesia a155.25 a225 hlm :cillus 20 cm atext